Sanat - "Hoosianna" - Statistics

Yleistilastot
  • Tätä visaa on pelattu 51 kertaa
  • Keskiarvotulos 21 / 24
Vastaustilastot
Vastaus % Oikein
Hoosianna
100%
Hoosianna
100%
hoosianna
100%
hoosianna
100%
hoosianna
100%
Daavidin
98%
Daavidin
98%
Daavidin
98%
poika
98%
poika
98%
poika
98%
hän
91%
olkoon
91%
kiitetty
82%
kiitetty
82%
kiitetty
82%
Herran
80%
Herran
80%
nimeen
78%
nimeen
78%
joka
73%
joka
73%
tulee
73%
tulee
73%
Ehtoja vastaavia visoja ei löytynyt
Tulosjakauma
Jokaisen tuloksen saaneiden osuus
Persentiili vastausten määrän mukaan
Tuloshistoriasi
Et ole pelannut tätä visaa